000 00908pab a2200181 454500
008 180718b2007 xxu||||| |||| 00| 0 eng d
100 _aNayak, Pulin B.
245 _aDebt draughtsmanship sans broader vision
260 _c2007
300 _ap.1257-259.
362 _a7 Apr
520 _aBy not paying attention to the wish lists of business and industry groups, P. Chidambaram has done the right thing. The measures related to tax reform in Budget 2007 are the correct ones, but fiscal consolidation is being achieved by compression of capital expenditure. The recent tragedies of Nandigram and Dantewada are symptoms of a developmental process that has gone horribly wrong and there is a need for a new vision of development. Time, however, is running out. - Reproduced.
650 _aBudget - India
650 _aBudget
773 _aEconomic and Political Weekly
908 _aN
909 _a73694
999 _c73694
_d73694